| 000 | 00506nam a22001697a 4500 | ||
|---|---|---|---|
| 003 | BD-DhUL | ||
| 005 | 20210823104212.0 | ||
| 008 | 180917s1961 ii ||||| |||| 00| 0 urd d | ||
| 040 |
_aBD-DhUL _cBD-DhUL |
||
| 082 |
_a891.431 _bJAN |
||
| 100 | 0 | _aجگن ناتھ آزاد | |
| 245 | 1 |
_aنوائے پریشاں / _cجگن ناتھ آزاد |
|
| 260 |
_aالہ اباد : _bادارۂ انیس اردو، _c۱۹۶۱۔ |
||
| 300 |
_aص۔ ۱۹۲ ؛ _c۱۸ سم۔ |
||
| 650 | 4 | _aUrdu poetry | |
| 942 |
_2ddc _cBK |
||
| 999 |
_c243500 _d243500 |
||